000 00595nam a22001935i 4500
999 _c57551
_d57551
001 20541577
005 20221107153827.0
008 180614s2019 nyu 000 0 eng
020 _a9783319939759x
041 _aeng
080 _a327+323 M-83
100 _aMcCormack, Daniel
_99066
245 0 0 _aGreat powers and international hierarchy /
_cMcCormack, Daniel.
264 1 _aNew York, NY :
_bPalgrave macmillan,
_c2019.
300 _a246 pages ;
_b21 cm.
653 _aპოლიტიკა
653 _aსაერთაშორისო იერარქია
942 _2udc
_cBK